000 00500nam a2200181Ia 4500
008 131103s9999 xx 000 0 und d
040 _aLoreto College
041 _aEnglish
082 _a920/PAK
_bLCLIB
100 _aPakenham, Lord
245 _aBorn to believe
_b an autobiography
_cLord Pakenham
260 _aLondon
_bJonathan Cape
_c1953
300 _a254p.
_b ill.
_c 23cm.
650 _aPakenham - Lord - Autobiography
651 _aAutobiography
850 _aLCLIB/920/PAK
942 _cBK
999 _c25019
_d75498